Parlons français: учебное пособие по практике устного и письменного французского языка

Библиографические подробности
Главный автор: Багана Ж. Жером
Другие авторы: Шашкин Л. М. Леонид Максимович, Хапилина Е. В. Елена Владимировна
Примечания:Пособие имеет ярко выраженную лингвокультурную коммуникативную направленность. Расширяет и углубляет навыки практического владения устным и письменным французским языком. Дополнительные тексты, сопровождаемые системой упражнений, дают возможность эффективно реализовать индивидуальную и самостоятельную работу в процессе совершенствования французского языка. Для студентов, магистрантов и преподавателей.
Язык:русский
французский
Опубликовано: Москва, Флинта, 2011
Предметы:
Формат: Книга
Запись в KOHA:https://koha.lib.tpu.ru/cgi-bin/koha/opac-detail.pl?biblionumber=217934

MARC

LEADER 00000nam0a2200000 4500
001 217934
005 20231101230147.0
010 |a 9785976510203 
010 |a 978-5-02-037333-4 
035 |a (RuTPU)RU\TPU\book\237938 
090 |a 217934 
100 |a 20120609d2011 m y0rusy50 ca 
101 0 |a rus  |a fre 
102 |a RU 
105 |a y j 000zy 
200 1 |a Parlons français  |d Поговорим по-французски  |e учебное пособие по практике устного и письменного французского языка  |f Ж. Багана, Л. М. Шашкин, Е. В. Хапилина 
210 |a Москва  |c Флинта  |c Наука  |d 2011 
215 |a 140 с. 
330 |a Пособие имеет ярко выраженную лингвокультурную коммуникативную направленность. Расширяет и углубляет навыки практического владения устным и письменным французским языком. Дополнительные тексты, сопровождаемые системой упражнений, дают возможность эффективно реализовать индивидуальную и самостоятельную работу в процессе совершенствования французского языка. Для студентов, магистрантов и преподавателей. 
510 1 |a Поговорим по-французски  |z rus 
606 1 |a Французский язык  |x Учебные руководства и пособия для вузов  |x Пособия по развитию речи  |2 stltpush  |3 (RuTPU)RU\TPU\subj\16839  |9 42739 
610 1 |a лексика 
610 1 |a устная речь 
610 1 |a письменная речь 
610 1 |a разговорная речь 
610 1 |a упражнения 
686 |a Ш147.11-923.4  |v LBC/SL-A  |2 rubbk 
700 1 |a Багана  |b Ж.  |g Жером 
701 1 |a Шашкин  |b Л. М.  |g Леонид Максимович 
701 1 |a Хапилина  |b Е. В.  |g Елена Владимировна 
801 1 |a RU  |b 63413507  |c 20120609 
801 2 |a RU  |b 63413507  |c 20121029  |g RCR 
942 |c BK 
959 |a 91/20120609  |d 1  |e 100,00  |f ЧЗИЛ:1